Ezekiel 21 - 37: a new translation with introduction and commentary
| Subtitles: | Aus dem Hebr. übers |
|---|---|
| Main Author: | |
| Contributors: | |
| Format: | Print Book |
| Language: | English |
| Subito Delivery Service: | Order now. |
| Check availability: | HBZ Gateway |
| WorldCat: | WorldCat |
| Interlibrary Loan: | Interlibrary Loan for the Fachinformationsdienste (Specialized Information Services in Germany) |
| Published: |
New York, NY [u.a.]
Doubleday
1997
|
| In: |
The Anchor Bible (22A)
Year: 1997 |
| Reviews: | Ezekiel 21-37: A New Translation with Introduction and Commentary. Moshe Greenberg (1999) (Cook, Stephen L., 1962 -)
|
| Edition: | 1. ed |
| Series/Journal: | The Anchor Bible
22A |
| Standardized Subjects / Keyword chains: | B
Bible. Ezechiel 21-37
|
| IxTheo Classification: | HB Old Testament |
| Further subjects: | B
Commentary
B Ezekiel B Bible. Ezekiel, XXI-XXXVII Commentaries |
| Online Access: |
Verlagsangaben (Publisher) |
MARC
| LEADER | 00000cam a2200000 c 4500 | ||
|---|---|---|---|
| 001 | 23039812X | ||
| 003 | DE-627 | ||
| 005 | 20251222205944.0 | ||
| 007 | tu | ||
| 008 | 970702s1997 xxu||||| 00| ||eng c | ||
| 010 | |a 97024287 | ||
| 020 | |a 0385182007 |9 0-385-18200-7 | ||
| 035 | |a (DE-627)23039812X | ||
| 035 | |a (DE-599)GBV23039812X | ||
| 035 | |a (OCoLC)164827864 | ||
| 040 | |a DE-627 |b ger |c DE-627 |e rakwb | ||
| 041 | |a eng | ||
| 044 | |c XD-US |c XA-GB |c XD-CA | ||
| 050 | 0 | |a BS192.2.A1 1964 | |
| 050 | 0 | |a BS1543 | |
| 082 | 0 | |a 224/.4077 |q LOC |2 21 | |
| 084 | |a 1 |2 ssgn | ||
| 084 | |a 11.40 |2 bkl | ||
| 100 | 1 | |0 (DE-588)119554186 |0 (DE-627)080370691 |0 (DE-576)212956183 |4 aut |a Grinberg, Mosheh |d 1928-2010 | |
| 109 | |a Grinberg, Mosheh 1928-2010 |a Grînberg, Moše 1928-2010 |a Greenberg, Moshe 1928-2010 |a Grinberg, Moše 1928-2010 |a Grînberg, Mose 1928-2010 |a Grînberg, Mošeh 1928-2010 |a Grynberg, Mošē 1928-2010 |a Grynbrg, Msh 1928-2010 | ||
| 240 | 1 | 0 | |a Biblia <engl.> |
| 245 | 1 | 0 | |a Ezekiel 21 - 37 |b a new translation with introduction and commentary |c Moshe Greenberg |
| 246 | 1 | |i Nebentitel |a Aus dem Hebr. übers. | |
| 246 | 3 | 0 | |a twenty-one seventy-three |
| 250 | |a 1. ed | ||
| 264 | 1 | |a New York, NY [u.a.] |b Doubleday |c 1997 | |
| 300 | |a S. 394 - 760 |c 24 cm | ||
| 336 | |a Text |b txt |2 rdacontent | ||
| 337 | |a ohne Hilfsmittel zu benutzen |b n |2 rdamedia | ||
| 338 | |a Band |b nc |2 rdacarrier | ||
| 490 | 1 | |a The Anchor Bible |v 22A | |
| 500 | |a Paging continues that of translator's Ezekiel 1 - 20, publ. 1983 as Anchor Bible, v. 22 | ||
| 505 | 8 | |a Literaturverz. S. [401] - 410 | |
| 583 | 1 | |a Archivierung prüfen |c 20240324 |f DE-4165 |z 2 |2 pdager | |
| 601 | |a Translation | ||
| 630 | 2 | 0 | |a Bible |p Ezekiel, XXI-XXXVII |x Commentaries |
| 630 | 0 | 7 | |0 (DE-588)4016109-2 |0 (DE-627)106334182 |0 (DE-576)208914854 |a Bibel |p Ezechiel |2 gnd |
| 650 | 0 | 7 | |0 (DE-588)4136710-8 |0 (DE-627)104500719 |0 (DE-576)209671467 |a Kommentar |2 gnd |
| 652 | |a HB | ||
| 655 | 7 | |a Kommentar |0 (DE-588)4136710-8 |0 (DE-627)104500719 |0 (DE-576)209671467 |2 gnd-content | |
| 689 | 0 | 0 | |d u |0 (DE-588)4520770-7 |0 (DE-627)251068374 |0 (DE-576)21329205X |a Bibel |2 gnd |p Ezechiel |n 21-37 |
| 689 | 0 | |5 (DE-627) | |
| 700 | 0 | |0 (DE-588)118531611 |0 (DE-627)079332226 |0 (DE-576)160897440 |4 oth |a Ezechiel |c Prophet | |
| 700 | 1 | 2 | |a Grinberg, Mosheh |d 1928-2010 |t Biblia <engl.> |
| 787 | 0 | 8 | |i Rezensiert in |a Cook, Stephen L., 1962 - |t Ezekiel 21-37: A New Translation with Introduction and Commentary. Moshe Greenberg |d 1999 |w (DE-627)1811621996 |
| 830 | 4 | |a The Anchor Bible |v 22A |9 22A |w (DE-627)505083817 |w (DE-576)008017255 |w (DE-600)2215496-6 |7 am | |
| 856 | 4 | 2 | |u http://www.loc.gov/catdir/description/random0414/97024287.html |x Verlag |3 Verlagsangaben |7 1 |
| 889 | |w (DE-576)520090632 | ||
| 889 | |w (DE-627)1646026632 | ||
| 935 | |a BIIN | ||
| 935 | |i mdedup | ||
| 936 | b | k | |a 11.40 |j Exegese |j Hermeneutik |x Altes Testament |0 (DE-627)106413260 |
| 951 | |a BO | ||
| BIB | |a 1 | ||
| BIR | |a 53000000_53999999,53021000_53037999 |b biblesearch | ||
| ELC | |b 1 | ||
| LOK | |0 000 xxxxxcx a22 zn 4500 | ||
| LOK | |0 001 3316538348 | ||
| LOK | |0 003 DE-627 | ||
| LOK | |0 004 23039812X | ||
| LOK | |0 005 20190311235012 | ||
| LOK | |0 008 190311||||||||||||||||ger||||||| | ||
| LOK | |0 035 |a (DE-Tue135-1)89695 | ||
| LOK | |0 040 |a DE-Tue135-1 |c DE-627 |d DE-Tue135-1 | ||
| LOK | |0 852 |a DE-Tue135-1 | ||
| LOK | |0 852 1 |c FTHAT037882 |m p |9 00 | ||
| LOK | |0 852 2 |b C 21 |9 00 | ||
| LOK | |0 935 |a iMON | ||
| LOK | |0 936ln |0 1442044128 |a HB | ||
| LOK | |0 938 |k p | ||
| LOK | |0 938 |l Ezechiel <Buch> 21-37; Kommentar |8 0 | ||
| LOK | |0 939 |a 11-03-19 |b l12 | ||
| ORI | |a SA-MARC-ixtheoa001.raw | ||
| REF | |a Bibelkommentar | ||
| STA | 0 | 0 | |a Commentary |
| STB | 0 | 0 | |a Commentaire |
| STC | 0 | 0 | |a Comentario |
| STD | 0 | 0 | |a Commento |
| STE | 0 | 0 | |a 注释,解释,评注 |
| STF | 0 | 0 | |a 注釋,解釋,評注 |
| STG | 0 | 0 | |a Comentário |
| STH | 0 | 0 | |a Комментарий |
| STI | 0 | 0 | |a Σχόλιο |
| SUB | |a BIB | ||
| SYD | 0 | 0 | |a Bibel,Ezekiel,Buch Hesekiel,Ezechiel,Hesekiel,Ez,Ezek,Ezekiel (Buch der Bibel),Das Buch des Propheten Ezechiel,Ezechiel (Buch der Bibel),Yeḥezḳel,Sefer Yeḥezḳel,Le livre d'Ézéchiel,Bibel,Ézéchiel,Ézéchiel,יחזקאל,ספר יחזקאל |
| SYE | 0 | 0 | |a Kommentare |